000 01173 a2200229 4500
003 Nust
005 20170207154012.0
010 _a 2004117355
020 _a0534465935
040 _cNust
082 _a621.3822
100 1 _aHwang, Enoch.
245 1 0 _aDigital logic and microprocessor design with vhdl -(E-BOOK)
_cEnoch Hwang.
250 _a1st ed.
260 _aMason, OH :
_bThomson,
_c2005.
300 _ap. cm.
505 _aDesigning a Microprocessor (Page-12) Digital Circuits(Page-23) Combinational Circuits (Page-50) Combinational Components (Page-76) Implementation Technologies (Page-104) Latches and Flip-Flops (Page-131) Sequential Circuits (Page-158) Sequential Components (Page-202) Datapaths(Page-232) Control Units (Page-256) Dedicated Microprocessors (Page-261) General-Purpose Microprocessors(Page-286)
650 _aE-BOOK
856 4 2 _3Contributor biographical information
_uhttp://www.loc.gov/catdir/enhancements/fy1103/2004117355-b.html
856 4 2 _3Publisher description
_uhttp://www.loc.gov/catdir/enhancements/fy1103/2004117355-d.html
856 4 2 _3Table of contents only
_uhttp://www.loc.gov/catdir/enhancements/fy1212/2004117355-t.html
942 _2ddc
_cBK
999 _c191239
_d191239